000 00962nmc a2200325 a 4500
003 AR-BaBNM
005 20251128203149.0
008 097119s1967 ||||||||||||||000 | spa||
040 _cAR-BaBNM
100 1 _aLewin, Boleslao
245 1 0 _aRousseau y la independencia argentina y americana
260 _aBuenos Aires
_bEudeba
_c1967
300 _a101 p.
490 0 _aBiblioteca de américa. libros del tiempo nuevo
500 _aContiene comparación de textos de Rosseau con textos constitucionales p. 75-79
600 0 4 _aGorriti
600 1 4 _aAlberdi, Juan Bautista
600 0 4 _aCastañeda
600 0 4 _aRousseau
600 1 4 _aRivadavia, Bernardino
600 1 4 _aPueyrredón, Juan Martín de
650 4 _aHISTORIA DE LAS IDEAS
650 4 _aHISTORIA CULTURAL
650 4 _aMOVIMIENTOS EMANCIPADORES LATINOAMERICANOS
650 4 _aCOLONIALISMO
653 _aILUMINISMO
653 _aILUSTRACION
942 _cBK
998 _cmariana
999 _c2189
_d2189